Criminal procedure code / (Record no. 90303)

MARC details
000 -LEADER
fixed length control field 00752nam a22002417a 4500
005 - DATE AND TIME OF LATEST TRANSACTION
control field 20230317150226.0
010 ## - LCCN (DPL NO)
LC control number 1516EN07 ENG-111378 ENG-136362
020 ## - INTERNATIONAL STANDARD BOOK NUMBER
International Standard Book Number 9789351432555
Terms of availability 595.00
035 ## - SYSTEM CONTROL NUMBER
System control number EN-94910
035 ## - SYSTEM CONTROL NUMBER
System control number EN-119894
037 ## - SOURCE OF ACQUISITION
Source of stock number/acquisition DBAD/PUB
037 ## - SOURCE OF ACQUISITION
Source of stock number/acquisition UBH/vn.
Stock number dpl
082 ## - DEWEY DECIMAL CLASSIFICATION NUMBER
Classification number 343.095403
100 ## - MAIN ENTRY--PERSONAL NAME
Personal name Lal,Ratan
245 ## - TITLE STATEMENT
Title Criminal procedure code /
Statement of responsibility, etc by Ratanlal and Dhirajlal
260 ## - PUBLICATION, DISTRIBUTION, ETC. (IMPRINT)
Place of publication, distribution, etc Gurgaon
Name of publisher, distributor, etc Lexis Nexis
Date of publication, distribution, etc 2014
270 ## - ADDRESS
Address 14th Floor, Building No.10, Tower-B, DLF Cyber City, Phase-II
City Gurgaon
Postal code 122002
300 ## - PHYSICAL DESCRIPTION
Extent cxii, 903p.
Dimensions 24cm(pbk)
490 ## - SERIES STATEMENT
Series statement Quick reference guide
700 ## - ADDED ENTRY--PERSONAL NAME
Personal name Dhirajlal
942 ## - ADDED ENTRY ELEMENTS (KOHA)
Source of classification or shelving scheme Dewey Decimal Classification
Item type English Books
Classification part 343.095403
Call number suffix CRI
Holdings
Withdrawn status Lost status Not for loan Collection code Home library Current library Date acquired Source of acquisition Cost, normal purchase price Full call number Barcode Copy number Cost, replacement price Koha item type
      Non-fiction Katevara Katevara 27/11/2014 DBAD/PUB 595.00 RAT EN-94910 1 595.00 English Books
      Non-fiction Katevara Katevara 09/03/2023 DBAD/PUB 595.00 343.095403 CRI EN-119894 1 595.00 English Books

© Delhi Public Library
Hit Counter
free hit counter